Youth at risk (Record no. 24978)
[ view plain ]
| 000 -LEADER | |
|---|---|
| fixed length control field | 00774nam a22002177a 4500 |
| 003 - CONTROL NUMBER IDENTIFIER | |
| control field | OSt |
| 005 - DATE AND TIME OF LATEST TRANSACTION | |
| control field | 20260623103936.0 |
| 008 - FIXED-LENGTH DATA ELEMENTS--GENERAL INFORMATION | |
| fixed length control field | 260623b |||||||| |||| 00| 0 eng d |
| 020 ## - INTERNATIONAL STANDARD BOOK NUMBER | |
| International Standard Book Number | 1556201516 |
| 040 ## - CATALOGING SOURCE | |
| Transcribing agency | Chuka university library |
| 100 ## - MAIN ENTRY--PERSONAL NAME | |
| Personal name | Capuzzi David |
| 9 (RLIN) | 30684 |
| 245 ## - TITLE STATEMENT | |
| Title | Youth at risk |
| Remainder of title | a prevention resource for counselors, teachers and parents |
| 260 ## - PUBLICATION, DISTRIBUTION, ETC. | |
| Place of publication, distribution, etc. | Stevenson avenue, Alexandria |
| Name of publisher, distributor, etc. | American counselling association |
| Date of publication, distribution, etc. | 1995 |
| 300 ## - PHYSICAL DESCRIPTION | |
| Extent | various pagings |
| 650 ## - SUBJECT ADDED ENTRY--TOPICAL TERM | |
| Topical term or geographic name entry element | Socially handicapped youth-united states |
| 9 (RLIN) | 30685 |
| 650 ## - SUBJECT ADDED ENTRY--TOPICAL TERM | |
| Topical term or geographic name entry element | Youth counselling of -united states |
| 9 (RLIN) | 30686 |
| 650 ## - SUBJECT ADDED ENTRY--TOPICAL TERM | |
| Topical term or geographic name entry element | Deviant behaviour |
| 9 (RLIN) | 30687 |
| 650 ## - SUBJECT ADDED ENTRY--TOPICAL TERM | |
| Topical term or geographic name entry element | Adolescent psychopathology -united states |
| 9 (RLIN) | 30688 |
| 650 ## - SUBJECT ADDED ENTRY--TOPICAL TERM | |
| Topical term or geographic name entry element | Dropout behavior ,prediction |
| 9 (RLIN) | 30689 |
| 942 ## - ADDED ENTRY ELEMENTS (KOHA) | |
| Source of classification or shelving scheme | Library of Congress Classification |
| Koha item type | Long Loan Books |
| Suppress in OPAC | No |
| Withdrawn status | Lost status | Source of classification or shelving scheme | Damaged status | Not for loan | Home library | Current library | Shelving location | Date acquired | Total Checkouts | Full call number | Barcode | Date last seen | Price effective from | Koha item type |
|---|---|---|---|---|---|---|---|---|---|---|---|---|---|---|
| Library of Congress Classification | Main Campus Library | Main Campus Library | General Stacks | 23/06/2026 | HV 1431 .Y6 1995 | 35771/2026 | 23/06/2026 | 23/06/2026 | Long Loan Books |
